21st Century Risk Management with Sanitation (Record no. 88135)

MARC details
000 -LEADER
fixed length control field 00708nam a22002417a 4500
003 - CONTROL NUMBER IDENTIFIER
control field URS
005 - DATE AND TIME OF LATEST TRANSACTION
control field 20251022142522.0
008 - FIXED-LENGTH DATA ELEMENTS--GENERAL INFORMATION
fixed length control field 241107b ||||| |||| 00| 0 eng d
020 ## - INTERNATIONAL STANDARD BOOK NUMBER
International Standard Book Number 978-971-9655-62-6
040 ## - CATALOGING SOURCE
Transcribing agency URS
050 ## - LIBRARY OF CONGRESS CALL NUMBER
Classification number HD61
Item number .D371 2023
100 ## - MAIN ENTRY--PERSONAL NAME
Personal name Dela Cruz, Mylene Castillo
Titles and words associated with a name SO1, RND, LPT, Ph. D
245 ## - TITLE STATEMENT
Title 21st Century Risk Management with Sanitation
264 ## - PRODUCTION, PUBLICATION, DISTRIBUTION, MANUFACTURE, AND COPYRIGHT NOTICE
Place of production, publication, distribution, manufacture Intramuros, Manila
Name of producer, publisher, distributor, manufacturer MINDSHAPERS CO., INC.
Date of production, publication, distribution, manufacture, or copyright notice ©2023
300 ## - PHYSICAL DESCRIPTION
Extent 142 pages.,:
Dimensions 23 cm.
336 ## - CONTENT TYPE
Source rdacontent
Content type term text
337 ## - MEDIA TYPE
Source rdamedia
Media type term unmediated
338 ## - CARRIER TYPE
Source rdacarrier
Carrier type term volume
650 #0 - SUBJECT ADDED ENTRY--TOPICAL TERM
Topical term or geographic name entry element Risk management
650 #0 - SUBJECT ADDED ENTRY--TOPICAL TERM
Topical term or geographic name entry element Tourism management.
700 ## - ADDED ENTRY--PERSONAL NAME
Personal name Blas, Anabelle Ocampo
Titles and other words associated with a name RND
942 ## - ADDED ENTRY ELEMENTS (KOHA)
Source of classification or shelving scheme Library of Congress Classification
Koha item type Filipiniana
Holdings
Withdrawn status Source of classification or shelving scheme Damaged status Not for loan Collection code Home library Current library Date acquired Total Checkouts Full call number Barcode Date last seen Copy number Price effective from Koha item type Shelving location
  Library of Congress Classification       Angono College Library Angono College Library 03/09/2026   HD61 .D3702 2023 URSANG-7638 03/09/2026 1 03/09/2026 Filipiniana Filipiniana Section
  Library of Congress Classification       Angono College Library Angono College Library 03/09/2026   HD61 .D371 2023 URSANG-7639 03/09/2026 2 03/09/2026 Filipiniana Filipiniana Section
  Library of Congress Classification     Non-fiction Morong College Library Morong College Library 11/07/2024   HD61 .D371 2023 URSMOR-CL-30030 11/07/2024 1 11/07/2024 Filipiniana  
  Library of Congress Classification     Non-fiction Morong College Library Morong College Library 11/07/2024   HD61 .D371 2023 URSMOR-CL-30032 11/07/2024 3 11/07/2024 Filipiniana  
  Library of Congress Classification     Non-fiction Morong College Library Morong College Library 11/07/2024   HD61 .D371 2023 URSMOR-CL-30031 11/07/2024 2 11/07/2024 Filipiniana  
  Library of Congress Classification     Non-fiction Morong College Library Morong College Library 09/29/2025   HD61 .D371 2023 URSMOR-CL-30477 09/29/2025 4 09/29/2025 Filipiniana  
  Library of Congress Classification     Non-fiction Morong College Library Morong College Library 09/29/2025   HD61 .D371 2023 URSMOR-CL-30478 09/29/2025 5 09/29/2025 Filipiniana  
  Library of Congress Classification     Non-fiction Morong College Library Morong College Library 09/29/2025   HD61 .D371 2023 URSMOR-CL-30479 09/29/2025 6 09/29/2025 Filipiniana  
  Library of Congress Classification     Non-fiction Morong College Library Morong College Library 09/29/2025   HD61 .D371 2023 URSMOR-CL-30480 09/29/2025 7 09/29/2025 Filipiniana  
  Library of Congress Classification     Non-fiction Morong College Library Morong College Library 09/29/2025   HD61 .D371 2023 URSMOR-CL-30481 09/29/2025 8 09/29/2025 Filipiniana  

University of Rizal System
Email us at univlibservices@urs.edu.ph

Visit our Website www.urs.edu.ph/library